Estadísticas para Apodos de los reyes de España

Haz click aquí para intentar la prueba.

Estadísticas generales

  • Esta prueba ha sido intentada 1.246 veces
    (1.245 desde el último reinicio)
  • La puntuación promedio es 8 de 16

Estadísticas de respuestas

HintRespuesta% Correcto
la CatólicaIsabel I
99%
la LocaJuana I
93%
el HermosoFelipe I
77%
Pepe BotellaJosé I
70%
el HechizadoCarlos II
64%
el Mejor Alcalde de MadridCarlos III
48%
el PrudenteFelipe II
41%
el CésarCarlos I
37%
el Rey FelónFernando VII
36%
la de los Tristes DestinosIsabel II
33%
el AfricanoAlfonso XIII
32%
el Rey PlanetaFelipe IV
31%
el PiadosoFelipe III
26%
el CazadorCarlos IV
25%
el AnimosoFelipe V
25%
el PacificadorAlfonso XII
22%

Distribución de puntuación

Porcentaje por número respondido

Porcentaje de gente con cada puntuación

Historial de tus puntuaciones

No has intentado esta prueba desde el último reinicio